Organic Chemistry : (Record no. 73957)

MARC details
000 -LEADER
fixed length control field 01002nam a22002537a 4500
005 - DATE AND TIME OF LATEST TRANSACTION
control field 20130527160430.0
010 ## - LCCN (DPL NO)
LC control number B-492661
020 ## - INTERNATIONAL STANDARD BOOK NUMBER
International Standard Book Number 9788177585414
Terms of availability 750.00
035 ## - SYSTEM CONTROL NUMBER
System control number B-492661
035 ## - SYSTEM CONTROL NUMBER
System control number B-506558-559
037 ## - SOURCE OF ACQUISITION
Source of stock number/acquisition Allied Pub
037 ## - SOURCE OF ACQUISITION
Source of stock number/acquisition KKP/Ven
082 ## - DEWEY DECIMAL CLASSIFICATION NUMBER
Classification number 547
100 ## - MAIN ENTRY--PERSONAL NAME
Personal name Finar, I. L.
245 ## - TITLE STATEMENT
Title Organic Chemistry :
Statement of responsibility, etc by I. L. Finar
Remainder of title stereochemistry and the chemistry of natural products /
250 ## - EDITION STATEMENT
Edition statement 5th ed.
260 ## - PUBLICATION, DISTRIBUTION, ETC. (IMPRINT)
Place of publication, distribution, etc New Delhi
Name of publisher, distributor, etc Dorling Kindersley(India) with Pearson Education
Date of publication, distribution, etc 2013
270 ## - ADDRESS
Address 11, community centre, panchsheel Park
City New Delhi
300 ## - PHYSICAL DESCRIPTION
Extent 956p
Dimensions 25 cm (pb)
500 ## - GENERAL NOTE
General note Vol. -2
942 ## - ADDED ENTRY ELEMENTS (KOHA)
Source of classification or shelving scheme Dewey Decimal Classification
Item type English Books
Call number suffix FIN
Classification part 547
Holdings
Withdrawn status Lost status Materials specified (bound volume or other part) Not for loan Collection code Home library Current library Date acquired Source of acquisition Cost, normal purchase price Full call number Barcode Copy number Cost, replacement price Koha item type
    v-2   Non-fiction Sarojini Nagar Sarojini Nagar 20/03/2013 Allied Pub./DE/2012/CR/1001425/31.1.13/DPL/ZLS/RP/2012-13/2/836/18.1.13/15.2.13 750.00 547 FIN B-492661 1 750.00 English Books
    v-2   Non-fiction Sarojini Nagar Sarojini Nagar 27/05/2013 KKP/BL3018/19.3.13/172/19.3.13/22.3.13 750.00 547 FIN B-506558 1 750.00 English Books
    v-2 Not For Loan Reference South Zone Lib (REF) South Zone Lib (REF) 27/05/2013 KKP/BL3018/19.3.13/172/19.3.13/22.3.13 750.00 547 FIN B-506559 1 750.00 English Books

© Delhi Public Library
Hit Counter
free hit counter